Biggest Trading Partners - D.R. Congo - Statistics

General Stats
  • This quiz has been taken 241 times
  • The average score is 16 of 20
Answer Stats
Imports Answer % Correct
992 mil China
98%
2084 mil China
98%
179 mil United States of America
95%
263 mil France
94%
782 mil South Africa
94%
93 mil South Africa
94%
185 mil Spain
85%
101 mil Germany
84%
116 mil Germany
84%
168 mil Italy
83%
234 mil India
82%
60 mil India
82%
384 mil Belgium
79%
303 mil Belgium
79%
85 mil Netherlands
76%
157 mil Tanzania
70%
478 mil South Korea
61%
176 mil Uganda
60%
487 mil Saudi Arabia
59%
197 mil Rwanda
54%
No matching quizzes found
Score Distribution
Percent of People with Each Score
Percentile by Number Answered
Your Score History
You have not taken this quiz